Statistics for All 50k U.S. Cities on a Map by Letter - O

Click here to take the quiz!

General Stats

  • This quiz has been taken 819 times
  • The average score is 13 of 21

Answers on the Map

Answers color-coded by a green-red scale on the quiz's map according to % correct below.
 

Answer Stats

PopulationStateCity% Correct
309,154FLOrlando
100%
687,725OKOklahoma City
99%
487,300NEOmaha
98%
433,823CAOakland
93%
86,798UTOgden
72%
112,483TXOdessa
70%
197,106KSOverland Park
70%
201,879CAOxnard
64%
55,919WAOlympia
62%
66,607WIOshkosh
59%
143,014KSOlathe
58%
177,963CAOntario
56%
137,264CAOrange
56%
97,861UTOrem
51%
60,011KYOwensboro
51%
172,982CAOceanside
48%
64,096FLOcala
43%
93,644MOO'Fallon
36%
53,224ILOak Park
31%
57,013ILOak Lawn
22%
57,850ILOrland Park
22%

Score Distribution

Percentile by Number Answered

Percent of People with Each Score

Your Score History

You have not taken this quiz